New Way of Economic and Ecological Thinking After Second World War The Roots of Green Economy
Vývoj a rozvoj konceptu zelenej ekonomiky. Princípy hlbokej ekológie a plytkej ekológie.
Gespeichert in:
| 1. Verfasser: | |
|---|---|
| Format: | Buchkapitel |
| Sprache: | Englisch |
| Schlagworte: | |
| Tags: |
Keine Tags, Fügen Sie das erste Tag hinzu!
|
MARC
| LEADER | 00000naa$a2200000$$$4500 | ||
|---|---|---|---|
| 001 | 0280621 | ||
| 005 | 20240502083855.8 | ||
| 041 | 0 | |a eng | |
| 044 | |a UA | ||
| 245 | 1 | 0 | |a New Way of Economic and Ecological Thinking After Second World War |b The Roots of Green Economy |c Boris Dziura |
| 520 | |a Vývoj a rozvoj konceptu zelenej ekonomiky. Princípy hlbokej ekológie a plytkej ekológie. | ||
| 610 | 2 | 0 | |a myslenie ekonomické |
| 610 | 2 | 0 | |a myslenie ekologické |
| 610 | 2 | 0 | |a ekonomika ekologická |
| 610 | 2 | 0 | |a ekológia |
| 610 | 2 | 0 | |a prostredie životné |
| 610 | 2 | 0 | |a história |
| 100 | 1 | |a Dziura, Boris, 1976- | |